Pays d'Afrique par population - Statistiques

Statistiques générales
  • Ce quiz a été pris 100 fois
  • Le résultat moyen est 18 sur 54
Statistiques - réponses
Hint Réponse % Correct
1 181 562 056 Nigeria
100%
3 88 487 396 Egypte
84%
2 99 465 819 Ethiopie
81%
4 79 375 136 République Démocratique du Congo
81%
5 53 675 563 Afrique du Sud
75%
6 51 045 882 Tanzanie
67%
7 45 925 301 Kenya
66%
8 39 542 166 Algérie
63%
9 37 101 745 Ouganda
52%
10 36 108 853 Soudan
52%
11 33 322 699 Maroc
49%
12 26 327 649 Ghana
40%
16 23 295 302 Cote d'Ivoire
39%
14 23 812 681 Madagascar
39%
54 92 430 Seychelles
39%
17 19 625 353 Angola
37%
13 25 303 113 Mozambique
37%
53 194 006 Sao Tomé et Principe
36%
15 23 739 218 Cameroun
34%
24 13 975 834 Senegal
33%
52 545 993 Cap Vert
31%
29 11 037 225 Tunisie
31%
21 16 955 536 Mali
30%
50 780 971 Comores
28%
48 1 339 827 Maurice
28%
19 18 045 729 Niger
28%
23 14 229 541 Zimbabwe
28%
35 6 411 776 Libye
27%
22 15 066 266 Zambie
27%
49 828 324 Djibouti
25%
25 12 661 733 Rwanda
25%
20 17 964 697 Malawi
24%
32 10 616 380 Somalie
24%
47 1 435 613 Eswatini
22%
44 1 947 701 Lesotho
22%
26 12 042 910 Soudan du Sud
22%
33 7 552 318 Togo
22%
30 10 742 276 Burundi
21%
38 4 755 097 Congo
21%
28 11 631 456 Tchad
21%
31 10 448 647 Bénin
19%
34 6 527 689 Erythree
19%
36 5 391 539 République Centrafricaine
19%
18 18 931 686 Burkina Faso
18%
27 11 780 162 Guinée
18%
51 740 743 Guinée Equatoriale
18%
39 4 195 666 Libéria
16%
37 5 879 098 Sierra Leone
16%
41 2 182 719 Botswana
15%
46 1 705 336 Gabon
15%
43 1 967 709 Gambie
15%
42 2 212 307 Namibie
15%
40 3 596 702 Mauritanie
13%
45 1 726 170 Guinée Bissau
10%
Aucun quiz correspondant
Distribution des résultats
% des personnes avec chaque résultat
Percentile par nombre de réponses
Votre historique - résultats
Vous n’avez pas pris ce quiz